Management Information System. (Record no. 723)

MARC details
000 -LEADER
fixed length control field 00371nam a22001577a 4500
005 - DATE AND TIME OF LATEST TRANSACTION
control field 20160513113259.0
008 - FIXED-LENGTH DATA ELEMENTS--GENERAL INFORMATION
fixed length control field 160513b xxu||||| |||| 00| 0 eng d
020 ## - INTERNATIONAL STANDARD BOOK NUMBER
ISBN 0-07-044575-3
041 ## - LANGUAGE CODE
Language code of text/sound track or separate title eng
082 ## - DEWEY DECIMAL CLASSIFICATION NUMBER
Item number 1894
100 ## - MAIN ENTRY--AUTHOR NAME
Personal name S.W.Jawadekar
245 ## - TITLE STATEMENT
Title Management Information System.
260 ## - PUBLICATION, DISTRIBUTION, ETC. (IMPRINT)
Name of publisher MCGRAW HILL
Year of publication 2004
650 ## - SUBJECT ADDED ENTRY--TOPICAL TERM
Topical Term Management
942 ## - ADDED ENTRY ELEMENTS (KOHA)
Koha item type Books
Holdings
Lost status Damaged status Collection code Home library Current library Shelving location Date acquired Cost, normal purchase price Full call number Accession Number Koha item type
    MANAGEMENT JRU Library JRU Library SHELF-37-D 13/05/2016 250.00 1894 1894 Books